[Event "NB II. Szechenyi csoport"]
[Site "Ajka"]
[Date "2024.04.07"]
[Round "7.9"]
[White "Bardics, Marko"]
[Black "Soos, David"]
[Result "1-0"]
[WhiteElo "1954"]
[BlackElo "1890"]
[PlyCount "75"]
[EventDate "2023.10.08"]
[EventType "team-tourn"]
[EventRounds "9"]
[EventCountry "HUN"]
[Source "chess.hu"]
[WhiteTeam "Haladas VSE III."]
[BlackTeam "Sentimento Ajka BSK "]
[WhiteTeamCountry "HUN"]
[BlackTeamCountry "HUN"]

1. e4 c5 2. Nf3 d6 3. d4 cxd4 4. Nxd4 Nf6 5. Nc3 a6 6. Be3 e5 7. Nf3 Be7 8. Bc4
Be6 9. Bxe6 fxe6 10. Ng5 Qd7 11. O-O h6 12. Nf3 O-O 13. Qe2 b5 14. a3 Nc6 15.
Rad1 Qc7 16. Rfe1 Na5 17. h3 Nc4 18. Bc1 Nxa3 19. Rd3 Nc4 20. Nh4 Kh7 21. Rg3
b4 22. Nd1 Rac8 23. Ng6 Rf7 24. b3 Na5 25. Qxa6 Nxb3 26. Nxe7 Rxe7 27. Rxb3
Qxc2 28. Be3 Qxb3 29. Qxc8 Nxe4 30. Qc6 Qd5 31. Qc2 g6 32. f3 Ng3 33. Nf2 b3
34. Qb2 Rd7 35. Ng4 Nh5 36. Qb1 Rc7 37. Rd1 Qc4 38. Rc1 1-0

[Event "NB II. Szechenyi csoport"]
[Site "Ajka"]
[Date "2024.04.07"]
[Round "7.11"]
[White "Farkas, Boglarka"]
[Black "Holczbauer, Florian"]
[Result "1/2-1/2"]
[WhiteElo "1747"]
[BlackElo "1818"]
[PlyCount "76"]
[EventDate "2023.10.08"]
[EventType "team-tourn"]
[EventRounds "9"]
[EventCountry "HUN"]
[Source "chess.hu"]
[WhiteTeam "Haladas VSE III."]
[BlackTeam "Sentimento Ajka BSK "]
[WhiteTeamCountry "HUN"]
[BlackTeamCountry "HUN"]

1. e4 c5 2. Nf3 d6 3. Bb5+ Nd7 4. d4 cxd4 5. Nxd4 Ngf6 6. Nc3 a6 7. Bd3 e6 8.
O-O Be7 9. Be3 O-O 10. f3 Qc7 11. Qd2 b5 12. a4 bxa4 13. Nxa4 Bb7 14. Nb3 Nc5
15. Naxc5 dxc5 16. Qa5 Rfc8 17. Qxc7 Rxc7 18. Na5 Bc6 19. Nxc6 Rxc6 20. b3 Nd7
21. Rfd1 Ne5 22. Be2 g5 23. Ra5 f6 24. Rda1 c4 25. bxc4 Nxc4 26. Bxc4 Rxc4 27.
Rxa6 Rxa6 28. Rxa6 Kf7 29. Ra2 f5 30. exf5 exf5 31. h3 f4 32. Bf2 Ke6 33. Kf1
Bb4 34. Ke2 Kd5 35. Kd1 Rc7 36. Rb2 Kc4 37. Ra2 Rd7+ 38. Kc1 Bd2+ 1/2-1/2

[Event "NB II. Szechenyi csoport"]
[Site "Ajka"]
[Date "2024.04.07"]
[Round "7.12"]
[White "Horvath, Matyas Sandor"]
[Black "Bolla, Zsofia"]
[Result "0-1"]
[WhiteElo "1729"]
[BlackElo "1698"]
[PlyCount "104"]
[EventDate "2023.10.08"]
[EventType "team-tourn"]
[EventRounds "9"]
[EventCountry "HUN"]
[Source "chess.hu"]
[WhiteTeam "Sentimento Ajka BSK "]
[BlackTeam "Haladas VSE III."]
[WhiteTeamCountry "HUN"]
[BlackTeamCountry "HUN"]

1. e4 e5 2. Nf3 Nc6 3. Bc4 Bc5 4. O-O Nf6 5. d4 exd4 6. e5 d5 7. exf6 dxc4 8.
Re1+ Be6 9. fxg7 Rg8 10. Bg5 Be7 11. Bxe7 Kxe7 12. Re4 f5 13. Re1 Rxg7 14. Qe2
Qd5 15. g3 Re8 16. Na3 Kd8 17. Ne5 Bd7 18. f4 Nxe5 19. fxe5 Bc6 20. Rf1 Rxe5
21. Qf3 Qxf3 22. Rxf3 Bxf3 23. Nxc4 Re2 24. Kf1 Rxh2 25. Ne5 Rh1+ 26. Kf2 Rxa1
27. Nxf3 Rxa2 28. Nxd4 Rxb2 29. Ne6+ Ke7 30. Nxg7 Rxc2+ 31. Kf3 a5 32. Nxf5+
Kf7 33. Nd4 Rc3+ 34. Kf2 a4 35. Nb5 Rc2+ 36. Ke3 a3 37. Nd4 Rc3+ 38. Kf2 a2 39.
Nb5 Rc2+ 40. Ke3 a1=Q 41. Nd4 Qc3+ 42. Ke4 Qxd4+ 43. Kxd4 b5 44. Kd3 Rc6 45.
Kd4 b4 46. Kd5 Rc1 47. Kd4 b3 48. Kd3 b2 49. Kd4 b1=Q 50. Ke3 Qb3+ 51. Kf4 Rc4+
52. Kg5 Qb5+ 0-1

[Event "NB II. Szechenyi csoport"]
[Site "Sarvar"]
[Date "2024.04.21"]
[Round "8.1"]
[White "Vass, Viktor"]
[Black "Smideliusz, Mark"]
[Result "1-0"]
[WhiteElo "2139"]
[BlackElo "2191"]
[PlyCount "59"]
[EventDate "2023.10.08"]
[EventType "team-tourn"]
[EventRounds "9"]
[EventCountry "HUN"]
[Source "chess.hu"]
[WhiteTeam "Sentimento Ajka BSK "]
[BlackTeam "Sarvari Sakk Club SE"]
[WhiteTeamCountry "HUN"]
[BlackTeamCountry "HUN"]

1. e4 e5 2. Nf3 Nc6 3. Bb5 a6 4. Ba4 Nf6 5. Qe2 b5 6. Bb3 Be7 7. c3 d6 8. a4
Na5 9. Bc2 Bd7 10. d4 Nc6 11. O-O O-O 12. Rd1 Qc8 13. Bg5 h6 14. Bh4 Rb8 15.
axb5 axb5 16. Bg3 Nh5 17. dxe5 Nxg3 18. hxg3 Nxe5 19. Nd4 g6 20. f4 Ng4 21. Ra5
b4 22. Nf5 gxf5 23. exf5 Bf6 24. Qxg4+ Kh7 25. Qh5 bxc3 26. g4 Rxb2 27. g5 Bh8
28. Qxh6+ Kg8 29. g6 fxg6 30. fxg6 1-0

[Event "NB II. Szechenyi csoport"]
[Site "Sarvar"]
[Date "2024.04.21"]
[Round "8.2"]
[White "Odor, Istvan"]
[Black "Pasti, Zsombor"]
[Result "0-1"]
[WhiteElo "2095"]
[BlackElo "2076"]
[PlyCount "110"]
[EventDate "2023.10.08"]
[EventType "team-tourn"]
[EventRounds "9"]
[EventCountry "HUN"]
[Source "chess.hu"]
[WhiteTeam "Sarvari Sakk Club SE"]
[BlackTeam "Sentimento Ajka BSK "]
[WhiteTeamCountry "HUN"]
[BlackTeamCountry "HUN"]

1. e4 e5 2. Nf3 Nc6 3. Bc4 Bc5 4. c3 Nf6 5. d3 O-O 6. O-O d5 7. exd5 Nxd5 8. b4
Bb6 9. Bxd5 Qxd5 10. c4 Qe6 11. c5 Nxb4 12. cxb6 axb6 13. Ba3 Qe7 14. Re1 Qd6
15. Nxe5 Qd4 16. Bxb4 Qxb4 17. Qd2 Qd4 18. Qc3 Qd6 19. Nd2 Be6 20. Ndc4 Qd8 21.
a4 Qf6 22. Nd2 Qd8 23. Rec1 Qf6 24. Ne4 Qf4 25. g3 Qf5 26. f4 Qh5 27. Qe1 f6
28. Nc4 Rfe8 29. Qf2 b5 30. Ne3 bxa4 31. Nc5 Bh3 32. Ne4 Qb5 33. Nc4 Qd5 34.
Ra3 Rad8 35. Qc5 Qxc5+ 36. Nxc5 b5 37. Nd2 Re2 38. Nde4 Rg2+ 39. Kh1 h6 40. Ne6
b4 41. Nxd8 bxa3 42. Ra1 Rb2 43. Kg1 Rg2+ 44. Kh1 Rc2 45. Kg1 a2 46. Nc6 Rxc6
47. Rxa2 Bd7 48. Kf2 f5 49. Nd2 Rc3 50. d4 Rd3 51. Nf3 a3 52. Ne5 Be6 53. Ra1
Rb3 54. d5 Bxd5 55. Rd1 a2 0-1

[Event "NB II. Szechenyi csoport"]
[Site "Sarvar"]
[Date "2024.04.21"]
[Round "8.3"]
[White "Paksa, Rudolf"]
[Black "Elo, Istvan"]
[Result "1-0"]
[WhiteElo "1976"]
[BlackElo "1989"]
[PlyCount "93"]
[EventDate "2023.10.08"]
[EventType "team-tourn"]
[EventRounds "9"]
[EventCountry "HUN"]
[Source "chess.hu"]
[WhiteTeam "Sentimento Ajka BSK "]
[BlackTeam "Sarvari Sakk Club SE"]
[WhiteTeamCountry "HUN"]
[BlackTeamCountry "HUN"]

1. e4 d6 2. d4 Nf6 3. Bd3 g6 4. h3 Bg7 5. Nf3 Nbd7 6. O-O c6 7. c3 O-O 8. Be3
Qc7 9. Qd2 e5 10. Bh6 d5 11. Bxg7 Kxg7 12. dxe5 Nxe5 13. Nxe5 dxe4 14. Nxc6
Qxc6 15. Bc2 Be6 16. Qe3 Rfe8 17. Nd2 Rad8 18. Rfe1 Bc4 19. Nxc4 Qxc4 20. b3
Qc6 21. a4 a6 22. Rad1 Rc8 23. c4 b5 24. axb5 axb5 25. Rd4 bxc4 26. bxc4 Qe6
27. Ba4 Re7 28. Bb5 Rcc7 29. Kh1 Qf5 30. g4 Qf3+ 31. Qxf3 exf3 32. Rxe7 Rxe7
33. Bc6 h6 34. Bxf3 Rc7 35. Kg2 Nd7 36. Bd5 Nb6 37. Kf3 Nxd5 38. cxd5 Kf6 39.
Ke4 Re7+ 40. Kd3 g5 41. d6 Rd7 42. Kc4 Ke6 43. Kc5 Ra7 44. Kb6 Rd7 45. Kc6 Rd8
46. Re4+ Kf6 47. d7 1-0

[Event "NB II. Szechenyi csoport"]
[Site "Sarvar"]
[Date "2024.04.21"]
[Round "8.4"]
[White "Szep, Milan"]
[Black "Gaal, Sandor"]
[Result "1/2-1/2"]
[WhiteElo "1974"]
[BlackElo "1978"]
[PlyCount "34"]
[EventDate "2023.10.08"]
[EventType "team-tourn"]
[EventRounds "9"]
[EventCountry "HUN"]
[Source "chess.hu"]
[WhiteTeam "Sarvari Sakk Club SE"]
[BlackTeam "Sentimento Ajka BSK "]
[WhiteTeamCountry "HUN"]
[BlackTeamCountry "HUN"]

1. e4 g6 2. d4 Bg7 3. f4 c5 4. d5 d6 5. Nf3 Nf6 6. Nc3 O-O 7. Be2 b5 8. Bxb5
Nxe4 9. Nxe4 Qa5+ 10. Nc3 Bxc3+ 11. bxc3 Qxb5 12. Kf2 e6 13. Re1 exd5 14. Qxd5
Qc6 15. Qg5 f6 16. Qh6 Qd7 17. Bd2 Nc6 1/2-1/2

[Event "NB II. Szechenyi csoport"]
[Site "Sarvar"]
[Date "2024.04.21"]
[Round "8.6"]
[White "Zsiros, Gyorgy"]
[Black "Kariko, Lajos"]
[Result "1/2-1/2"]
[WhiteElo "1975"]
[BlackElo "1907"]
[PlyCount "33"]
[EventDate "2023.10.08"]
[EventType "team-tourn"]
[EventRounds "9"]
[EventCountry "HUN"]
[Source "chess.hu"]
[WhiteTeam "Sarvari Sakk Club SE"]
[BlackTeam "Sentimento Ajka BSK "]
[WhiteTeamCountry "HUN"]
[BlackTeamCountry "HUN"]

1. e4 c5 2. Nf3 a6 3. d4 cxd4 4. Nxd4 Nf6 5. Nc3 e5 6. Nf3 Bb4 7. Bc4 Qc7 8.
Qd3 b5 9. Bd5 Nxd5 10. exd5 Bxc3+ 11. bxc3 d6 12. O-O Bb7 13. Ba3 Nd7 14. Rfe1
O-O 15. Rab1 h6 16. Nh4 Nc5 17. Qg3 1/2-1/2

[Event "NB II. Szechenyi csoport"]
[Site "Sarvar"]
[Date "2024.04.21"]
[Round "8.7"]
[White "Babocs, Gyula"]
[Black "Szokolszky, Miklos"]
[Result "0-1"]
[WhiteElo "1909"]
[BlackElo "1933"]
[PlyCount "52"]
[EventDate "2023.10.08"]
[EventType "team-tourn"]
[EventRounds "9"]
[EventCountry "HUN"]
[Source "chess.hu"]
[WhiteTeam "Sentimento Ajka BSK "]
[BlackTeam "Sarvari Sakk Club SE"]
[WhiteTeamCountry "HUN"]
[BlackTeamCountry "HUN"]

1. e4 e6 2. a3 d5 3. e5 d4 4. Bc4 c5 5. d3 Nc6 6. Nf3 Nge7 7. Bf4 Ng6 8. Bg3
Be7 9. O-O a6 10. Nbd2 b5 11. Ba2 Bb7 12. Re1 h5 13. h3 h4 14. Bh2 Qc7 15. Qe2
Rc8 16. Qf1 Rh5 17. Qe2 Rf5 18. Rac1 Kf8 19. c3 dxc3 20. bxc3 Qa5 21. Bb1 Nf4
22. Qe4 Nd5 23. d4 Nxc3 24. Rxc3 Qxc3 25. Qg4 Rxf3 26. Nxf3 Nxd4 0-1

[Event "NB II. Szechenyi csoport"]
[Site "Sarvar"]
[Date "2024.04.21"]
[Round "8.10"]
[White "Gal, Cintia"]
[Black "Vincze, Otto"]
[Result "1-0"]
[WhiteElo "1804"]
[BlackElo "1810"]
[PlyCount "77"]
[EventDate "2023.10.08"]
[EventType "team-tourn"]
[EventRounds "9"]
[EventCountry "HUN"]
[Source "chess.hu"]
[WhiteTeam "Sarvari Sakk Club SE"]
[BlackTeam "Sentimento Ajka BSK "]
[WhiteTeamCountry "HUN"]
[BlackTeamCountry "HUN"]

1. e4 c6 2. d4 d5 3. e5 Bf5 4. c3 e6 5. Nf3 Qb6 6. Bd3 Bxd3 7. Qxd3 c5 8. O-O
c4 9. Qe2 Nd7 10. Be3 Ne7 11. Ng5 h6 12. Nh3 Nc6 13. f4 O-O-O 14. Qc2 Be7 15.
b3 cxb3 16. axb3 Kb8 17. Nd2 Rc8 18. Qd3 a6 19. Rfb1 Qc7 20. c4 Nb4 21. Qc3 a5
22. Nf2 g5 23. Nd3 b6 24. c5 bxc5 25. dxc5 gxf4 26. Nxb4 axb4 27. Qxb4+ Nb6 28.
cxb6 Bxb4 29. bxc7+ Rxc7 30. Bxf4 Rc2 31. Nf1 Rg8 32. g3 d4 33. Bxh6 Rh8 34.
Bf4 d3 35. Ra4 Bc5+ 36. Kh1 Rc8 37. Ne3 Re2 38. Nc4 Rd8 39. Rd1 1-0

[Event "NB II. Szechenyi csoport"]
[Site "Sarvar"]
[Date "2024.04.21"]
[Round "8.11"]
[White "Javor, Janos"]
[Black "Talaber, Istvan"]
[Result "1/2-1/2"]
[WhiteElo "1782"]
[BlackElo "1830"]
[PlyCount "29"]
[EventDate "2023.10.08"]
[EventType "team-tourn"]
[EventRounds "9"]
[EventCountry "HUN"]
[Source "chess.hu"]
[WhiteTeam "Sentimento Ajka BSK "]
[BlackTeam "Sarvari Sakk Club SE"]
[WhiteTeamCountry "HUN"]
[BlackTeamCountry "HUN"]

1. Nf3 Nf6 2. d4 g6 3. e3 Bg7 4. Be2 O-O 5. O-O d6 6. h3 Nbd7 7. c4 a5 8. a4 c5
9. d5 Nb6 10. Nc3 Bd7 11. e4 Ne8 12. Bf4 f6 13. Nh2 Qc8 14. Ra3 Nc7 15. Qc1
1/2-1/2

[Event "NB II. Szechenyi csoport"]
[Site "Sarvar"]
[Date "2024.04.21"]
[Round "8.12"]
[White "Papp, Csongor"]
[Black "Horvath, Matyas Sandor"]
[Result "1/2-1/2"]
[WhiteElo "1635"]
[BlackElo "1729"]
[PlyCount "137"]
[EventDate "2023.10.08"]
[EventType "team-tourn"]
[EventRounds "9"]
[EventCountry "HUN"]
[Source "chess.hu"]
[WhiteTeam "Sarvari Sakk Club SE"]
[BlackTeam "Sentimento Ajka BSK "]
[WhiteTeamCountry "HUN"]
[BlackTeamCountry "HUN"]

1. e4 c5 2. d4 cxd4 3. c3 d5 4. Qxd4 Nf6 5. exd5 Qxd5 6. Qxd5 Nxd5 7. Bd2 Nc6
8. Bc4 e6 9. Nf3 Be7 10. O-O O-O 11. Bxd5 exd5 12. Rd1 Bg4 13. Bf4 Bxf3 14.
gxf3 Rad8 15. Nd2 Bf6 16. Nb3 b6 17. Rd2 d4 18. cxd4 Nxd4 19. Nxd4 Rxd4 20.
Rxd4 Bxd4 21. Rb1 h6 22. Be3 Bf6 23. b3 b5 24. Rd1 a5 25. Rd5 Rb8 26. a4 bxa4
27. bxa4 Rb1+ 28. Kg2 Bc3 29. Rb5 Ra1 30. Bb6 Rxa4 31. Kg3 Rb4 32. Rxb4 Bxb4
33. Bd4 f5 34. Kf4 g6 35. Ke5 Kf7 36. Kd5 Be7 37. f4 Bf6 38. Bb6 Bc3 39. Kc4
Bb4 40. Bd8 Bd6 41. Bxa5 Bxf4 42. h3 g5 43. Bd8 Kg6 44. Kd5 h5 45. f3 Bg3 46.
Ke6 g4 47. fxg4 fxg4 48. hxg4 hxg4 49. Bb6 Kg5 50. Be3+ Bf4 51. Bf2 Bh2 52.
Be3+ Bf4 53. Bf2 Bb8 54. Be3+ Kh4 55. Bf2+ Bg3 56. Be3 Be1 57. Bf4 Kh3 58. Kf5
Bg3 59. Be3 Bc7 60. Bf2 Ba5 61. Kf4 Bd2+ 62. Kf5 Bc1 63. Be1 Be3 64. Ke4 Bb6
65. Kf4 Bc7+ 66. Kf5 Bg3 67. Bd2 Bf2 68. Bf4 Bg3 69. Be3 1/2-1/2

[Event "NB II. Szechenyi csoport"]
[Site "Tapolca"]
[Date "2024.04.21"]
[Round "8.1"]
[White "Jonas, Zsolt"]
[Black "Heiligermann, Gabor"]
[Result "1/2-1/2"]
[WhiteElo "2055"]
[BlackElo "1964"]
[PlyCount "59"]
[EventDate "2023.10.08"]
[EventType "team-tourn"]
[EventRounds "9"]
[EventCountry "HUN"]
[Source "chess.hu"]
[WhiteTeam "Ezust Huszar SE"]
[BlackTeam "Tapolca Varosi SE II"]
[WhiteTeamCountry "HUN"]
[BlackTeamCountry "HUN"]

1. e4 c5 2. Nf3 Nc6 3. d4 cxd4 4. Nxd4 Nf6 5. Nc3 e5 6. Ndb5 d6 7. Bg5 a6 8.
Na3 Be6 9. Bc4 Be7 10. Bxf6 Bxf6 11. Nd5 Bg5 12. c3 b5 13. Bb3 O-O 14. h4 Bh6
15. g4 Bf4 16. Nc2 Na5 17. Nxf4 exf4 18. Bxe6 fxe6 19. Nd4 Qd7 20. Qd3 Nc6 21.
O-O-O Ne5 22. Qh3 Rae8 23. g5 Re7 24. h5 Nc6 25. Nf3 e5 26. Qf1 Qe6 27. Kb1 Rd8
28. g6 h6 29. Nh4 d5 30. Qe2 1/2-1/2

[Event "NB II. Szechenyi csoport"]
[Site "Tapolca"]
[Date "2024.04.21"]
[Round "8.2"]
[White "Kasnya, Peter"]
[Black "Hegedus, Gyula"]
[Result "1/2-1/2"]
[WhiteElo "1940"]
[BlackElo "2043"]
[PlyCount "89"]
[EventDate "2023.10.08"]
[EventType "team-tourn"]
[EventRounds "9"]
[EventCountry "HUN"]
[Source "chess.hu"]
[WhiteTeam "Tapolca Varosi SE II"]
[BlackTeam "Ezust Huszar SE"]
[WhiteTeamCountry "HUN"]
[BlackTeamCountry "HUN"]

1. e4 d6 2. d4 Nf6 3. Nc3 c6 4. f4 Qa5 5. Bd2 e5 6. dxe5 dxe5 7. h3 exf4 8. Qf3
Nbd7 9. Qxf4 Qe5 10. Nf3 Qxf4 11. Bxf4 Bb4 12. e5 Nd5 13. Bd2 Nxc3 14. bxc3 Bc5
15. Bc4 O-O 16. O-O-O Nb6 17. Bb3 a5 18. a4 h6 19. g4 Be6 20. g5 h5 21. Nd4 Bd5
22. Rhg1 g6 23. h4 Rfe8 24. Rge1 Nc4 25. Bf4 Rac8 26. Rd3 Bf8 27. Bxc4 Bxc4 28.
Rde3 Bc5 29. Re4 Bd5 30. R4e2 Ba3+ 31. Kb1 b5 32. axb5 cxb5 33. e6 fxe6 34.
Nxe6 Rc4 35. Bg3 b4 36. Nc7 Rxe2 37. Rxe2 Bf7 38. Nb5 Rg4 39. Re3 Bc4 40. Nd6
Bf7 41. Nxf7 Kxf7 42. Bd6 Rg1+ 43. Ka2 Rf1 44. Re7+ Kg8 45. Re8+ 1/2-1/2

[Event "NB II. Szechenyi csoport"]
[Site "Tapolca"]
[Date "2024.04.21"]
[Round "8.3"]
[White "Domonkos, Daniel"]
[Black "Bencze, Balazs Dominik"]
[Result "1-0"]
[WhiteElo "1970"]
[BlackElo "1857"]
[PlyCount "69"]
[EventDate "2023.10.08"]
[EventType "team-tourn"]
[EventRounds "9"]
[EventCountry "HUN"]
[Source "chess.hu"]
[WhiteTeam "Ezust Huszar SE"]
[BlackTeam "Tapolca Varosi SE II"]
[WhiteTeamCountry "HUN"]
[BlackTeamCountry "HUN"]

1. d4 c5 2. e3 d5 3. Nf3 Nc6 4. b3 cxd4 5. Nxd4 Nxd4 6. Qxd4 e6 7. Bb2 a6 8.
Be2 Nf6 9. O-O Bd6 10. Qh4 O-O 11. Bxf6 Qxf6 12. Qxf6 gxf6 13. Nd2 Bd7 14. c4
Bb4 15. Rfd1 Bc6 16. Bf3 Rfd8 17. cxd5 Bxd5 18. Bxd5 Rxd5 19. Ne4 Rxd1+ 20.
Rxd1 Kg7 21. Rd7 Rc8 22. g4 b6 23. Nd6 Rc1+ 24. Kg2 Rc2 25. Nxf7 Kg6 26. h4 h5
27. g5 fxg5 28. Nxg5 Be1 29. Ne4 Rxa2 30. Rd6 b5 31. Kf3 Kf5 32. Rc6 b4 33. Rc1
Bd2 34. Rc5+ e5 35. Rc6 1-0

[Event "NB II. Szechenyi csoport"]
[Site "Tapolca"]
[Date "2024.04.21"]
[Round "8.4"]
[White "Simo, Judit"]
[Black "Domonkos, Andras"]
[Result "0-1"]
[WhiteElo "1879"]
[BlackElo "1976"]
[PlyCount "92"]
[EventDate "2023.10.08"]
[EventType "team-tourn"]
[EventRounds "9"]
[EventCountry "HUN"]
[Source "chess.hu"]
[WhiteTeam "Tapolca Varosi SE II"]
[BlackTeam "Ezust Huszar SE"]
[WhiteTeamCountry "HUN"]
[BlackTeamCountry "HUN"]

1. e4 c5 2. Nf3 Nc6 3. d4 cxd4 4. Nxd4 e5 5. Nf3 Nf6 6. Nc3 Bb4 7. Bc4 O-O 8.
O-O d6 9. Re1 Bg4 10. h3 Bh5 11. Bg5 Bxc3 12. bxc3 h6 13. Bc1 Na5 14. Bb3 Qc7
15. Ba3 Rfd8 16. Bb4 Nc4 17. Qd3 Nb2 18. Qe3 a5 19. Ba3 Nc4 20. Bxc4 Qxc4 21.
Rad1 Qxa2 22. Bxd6 Qe6 23. Bc7 Rxd1 24. Rxd1 Bxf3 25. Qxf3 a4 26. Bd8 a3 27.
Bxf6 gxf6 28. Qe3 a2 29. Ra1 Kh7 30. Qc5 Ra6 31. Qd5 Kg6 32. Qxe6 fxe6 33. Kf1
Ra4 34. f3 f5 35. Kf2 Kg5 36. g3 h5 37. h4+ Kf6 38. Ke3 Ke7 39. Kd3 Kd6 40. g4
fxe4+ 41. fxe4 hxg4 42. c4 g3 43. Ke3 Kc5 44. h5 Kb4 45. h6 Ka3 46. h7 Ra8 0-1

[Event "NB II. Szechenyi csoport"]
[Site "Tapolca"]
[Date "2024.04.21"]
[Round "8.5"]
[White "Major, Robert"]
[Black "Horvath, Lajos"]
[Result "1-0"]
[WhiteElo "1903"]
[BlackElo "1778"]
[PlyCount "69"]
[EventDate "2023.10.08"]
[EventType "team-tourn"]
[EventRounds "9"]
[EventCountry "HUN"]
[Source "chess.hu"]
[WhiteTeam "Ezust Huszar SE"]
[BlackTeam "Tapolca Varosi SE II"]
[WhiteTeamCountry "HUN"]
[BlackTeamCountry "HUN"]

1. Nf3 Nf6 2. b3 g6 3. Bb2 Bg7 4. e3 d5 5. d4 O-O 6. Nbd2 Bg4 7. Be2 Nbd7 8. c4
e6 9. h3 Bxf3 10. Bxf3 c6 11. O-O Re8 12. e4 dxe4 13. Nxe4 Nxe4 14. Bxe4 Qh4
15. Qc2 e5 16. d5 Nc5 17. Rae1 f5 18. g3 Qxh3 19. Bg2 Qg4 20. dxc6 e4 21. Bxg7
Kxg7 22. Qc3+ Kg8 23. cxb7 Rad8 24. Qe3 Nd3 25. f3 Qxg3 26. fxe4 Qg4 27. e5
Nxe1 28. Rxe1 f4 29. Qf3 Qh4 30. Qf2 Qxf2+ 31. Kxf2 Rd2+ 32. Re2 Rxe2+ 33. Kxe2
Rxe5+ 34. Kf3 Re8 35. c5 1-0

[Event "NB II. Szechenyi csoport"]
[Site "Tapolca"]
[Date "2024.04.21"]
[Round "8.6"]
[White "Kiss, Gergely"]
[Black "Szunyogh, Istvan"]
[Result "0-1"]
[WhiteElo "1815"]
[BlackElo "1892"]
[PlyCount "76"]
[EventDate "2023.10.08"]
[EventType "team-tourn"]
[EventRounds "9"]
[EventCountry "HUN"]
[Source "chess.hu"]
[WhiteTeam "Tapolca Varosi SE II"]
[BlackTeam "Ezust Huszar SE"]
[WhiteTeamCountry "HUN"]
[BlackTeamCountry "HUN"]

1. d4 d5 2. Nf3 Nf6 3. Bg5 Ne4 4. Bf4 g6 5. e3 Bg4 6. Be2 Bg7 7. h3 Bxf3 8.
Bxf3 f5 9. Qd3 c6 10. c3 Nd7 11. Qc2 e5 12. Bh2 O-O 13. O-O Qb6 14. Nd2 Ng5 15.
Qb3 e4 16. Be2 Ne6 17. c4 Qxb3 18. Nxb3 Nb6 19. cxd5 Nxd5 20. Bc4 Rad8 21. Na5
Rf7 22. b4 Re7 23. a3 f4 24. exf4 Bxd4 25. Rae1 e3 26. Kh1 exf2 27. Re4 Bb6 28.
Bg3 Ne3 29. Rxe6 Nxf1 30. Rxe7+ Kf8 31. Rf7+ Ke8 32. Bxf2 Bxf2 33. Rxh7 Ng3+
34. Kh2 Rd1 35. Rh8+ Ke7 36. Rh7+ Kf8 37. Rh8+ Kg7 38. Rg8+ Kh6 0-1

[Event "NB II. Szechenyi csoport"]
[Site "Tapolca"]
[Date "2024.04.21"]
[Round "8.7"]
[White "Matyi, Attila"]
[Black "Molnar, Tibor"]
[Result "1/2-1/2"]
[WhiteElo "1920"]
[BlackElo "1718"]
[PlyCount "99"]
[EventDate "2023.10.08"]
[EventType "team-tourn"]
[EventRounds "9"]
[EventCountry "HUN"]
[Source "chess.hu"]
[WhiteTeam "Ezust Huszar SE"]
[BlackTeam "Tapolca Varosi SE II"]
[WhiteTeamCountry "HUN"]
[BlackTeamCountry "HUN"]

1. d4 d5 2. Nc3 Nf6 3. Bf4 e6 4. e3 c5 5. Nf3 Bd6 6. Ne5 a6 7. Be2 O-O 8. g4
cxd4 9. exd4 Bb4 10. Bd3 Nc6 11. Nxc6 bxc6 12. Qf3 Re8 13. g5 Nd7 14. Qh3 g6
15. Qg3 e5 16. dxe5 d4 17. a3 Nxe5 18. Bxe5 Bd6 19. f4 dxc3 20. bxc3 Qa5 21.
Kd2 Rxe5 22. fxe5 Bxe5 23. Qe3 Qxc3+ 24. Ke2 Bg4+ 25. Kf1 Qxa1+ 26. Kg2 Qd4 27.
Qxd4 Bxd4 28. Re1 Kf8 29. Re4 Bb2 30. Rxg4 Bxa3 31. Ra4 Be7 32. h4 a5 33. Be4
Bb4 34. Bxc6 Rc8 35. Be4 Rc3 36. Bd3 Ra3 37. Rxa3 Bxa3 38. Bb5 Bb4 39. Ba4 Ke7
40. Kf3 f6 41. gxf6+ Kxf6 42. Kg4 h6 43. Bb3 g5 44. hxg5+ hxg5 45. c4 Be7 46.
Ba4 Ke5 47. c5 Bd8 48. c6 Kd6 49. Kf5 Kc7 50. Kg4 1/2-1/2

[Event "NB II. Szechenyi csoport"]
[Site "Tapolca"]
[Date "2024.04.21"]
[Round "8.8"]
[White "Koteljarto, Aron"]
[Black "Juhasz, Nagy Sandor"]
[Result "0-1"]
[WhiteElo "1716"]
[BlackElo "1843"]
[PlyCount "78"]
[EventDate "2023.10.08"]
[EventType "team-tourn"]
[EventRounds "9"]
[EventCountry "HUN"]
[Source "chess.hu"]
[WhiteTeam "Tapolca Varosi SE II"]
[BlackTeam "Ezust Huszar SE"]
[WhiteTeamCountry "HUN"]
[BlackTeamCountry "HUN"]

1. d4 c6 2. Nf3 d5 3. Bf4 Nf6 4. e3 Bg4 5. Nbd2 e6 6. Bd3 Bd6 7. Bg3 Bxg3 8.
hxg3 Nbd7 9. Qb1 Qc7 10. c3 a6 11. e4 dxe4 12. Nxe4 Nxe4 13. Bxe4 Nf6 14. Ne5
Nxe4 15. Qxe4 Bf5 16. Qe2 O-O-O 17. g4 Bg6 18. Nxg6 hxg6 19. O-O-O Kb8 20. Qf3
g5 21. Kb1 Qf4 22. Qxf4+ gxf4 23. Kc2 g5 24. Kd3 Kc7 25. Rh5 Rxh5 26. gxh5 Rh8
27. Rh1 Kd6 28. g4 fxg3 29. fxg3 f5 30. h6 Rh7 31. Rh5 g4 32. Ke3 Ke7 33. Kf4
Kf6 34. Rh4 Kg6 35. Rh1 Rxh6 36. Re1 Kf6 37. Re2 Rh1 38. Rf2 Re1 39. Rh2 Re4#
0-1

[Event "NB II. Szechenyi csoport"]
[Site "Tapolca"]
[Date "2024.04.21"]
[Round "8.9"]
[White "Lukacs, Imre"]
[Black "Toth, Csongor"]
[Result "1/2-1/2"]
[WhiteElo "1807"]
[BlackElo "1713"]
[PlyCount "97"]
[EventDate "2023.10.08"]
[EventType "team-tourn"]
[EventRounds "9"]
[EventCountry "HUN"]
[Source "chess.hu"]
[WhiteTeam "Ezust Huszar SE"]
[BlackTeam "Tapolca Varosi SE II"]
[WhiteTeamCountry "HUN"]
[BlackTeamCountry "HUN"]

1. e4 e5 2. Nf3 Nc6 3. d4 exd4 4. Nxd4 Bc5 5. Be3 Qf6 6. c3 Nge7 7. Bc4 O-O 8.
O-O Qg6 9. Nd2 d6 10. Nxc6 Nxc6 11. Bxc5 dxc5 12. f4 Rd8 13. Qe2 Bh3 14. Rf2
Bd7 15. Qe3 b6 16. Bd5 Re8 17. Nf3 Rad8 18. Ng5 Re7 19. Raf1 h6 20. Nf3 Bc8 21.
Ne5 Nxe5 22. fxe5 Be6 23. c4 c6 24. Bxe6 Qxe6 25. Rf5 Qxc4 26. b3 Qd4 27. Re1
Qxe3+ 28. Rxe3 Rd1+ 29. Kf2 Rd2+ 30. Re2 Rxe2+ 31. Kxe2 Re6 32. Ke3 g6 33. Rf6
Rxf6 34. exf6 Kf8 35. Kf4 Ke8 36. g4 g5+ 37. Kf5 Kd7 38. e5 b5 39. e6+ Ke8 40.
e7 Kd7 41. Ke5 a6 42. Ke4 a5 43. a4 Ke8 44. axb5 cxb5 45. Kd5 a4 46. bxa4 bxa4
47. Kc4 Kd7 48. Kc3 Ke8 49. Kc4 1/2-1/2

[Event "NB II. Szechenyi csoport"]
[Site "Tapolca"]
[Date "2024.04.21"]
[Round "8.10"]
[White "Lukacs, Levente"]
[Black "Geroly, Jozsef"]
[Result "1/2-1/2"]
[WhiteElo "1548"]
[BlackElo "1819"]
[PlyCount "67"]
[EventDate "2023.10.08"]
[EventType "team-tourn"]
[EventRounds "9"]
[EventCountry "HUN"]
[Source "chess.hu"]
[WhiteTeam "Tapolca Varosi SE II"]
[BlackTeam "Ezust Huszar SE"]
[WhiteTeamCountry "HUN"]
[BlackTeamCountry "HUN"]

1. d4 Nf6 2. Nf3 g6 3. b3 Bg7 4. Bb2 d5 5. g3 O-O 6. Bg2 Bf5 7. Nbd2 Qc8 8. O-O
Bh3 9. Re1 Bxg2 10. Kxg2 Nh5 11. e3 Nc6 12. Ne5 Nf6 13. Nxc6 bxc6 14. e4 dxe4
15. Nxe4 Nxe4 16. Rxe4 c5 17. c3 cxd4 18. cxd4 Qd7 19. Qd3 Rfd8 20. Rd1 Qd5 21.
Kg1 e5 22. Qf3 f5 23. Re3 c5 24. Qxd5+ Rxd5 25. Red3 cxd4 26. R3d2 Rad8 27. f4
e4 28. Kf1 d3 29. Bxg7 Kxg7 30. Kf2 Rc5 31. Ke3 Kf6 32. h3 Ke6 33. g4 Kd5 34.
Rxd3+ 1/2-1/2